000 00349nam a22001217a 4500
999 _c4862
_d4862
008 250325b ||||| |||| 00| 0 eng d
020 _a9781471175602
082 _a823.914 UMA
100 _aUMANSKY,KAYE
_eAUTHOR
245 _aWITCHES (UN)WELCOME!
260 _a1ST FLOOR,222 GRAY'S INN ROAD,LONDON,WC1X 8HB
_bSIMON&SCHUSTER UK LTD
_c2019
942 _2ddc